Speech and language processing : an introduction to natural language processing, computational linguistics, and speech recognition /

Bibliographic Details
Main Author: Jurafsky, Dan, 1962-
Other Authors: Martin, James H., 1959-
Format: Book
Language:English
Published: Upper Saddle River, N.J. : New Delhi : Prentice Hall ; Pearson Education, 2000
Series:Prentice Hall series in artificial intelligence.
Subjects:
Classic Catalogue: View this record in Classic Catalogue
LEADER 01697nam a2200325 a 4500
001 0009069
003 BD-DhAAL
008 101012r20112000njua b 001 0 eng d
010 |a  99087845  
020 |a 9788131716724 
020 |a 0130950696 
040 |a DLC  |c DLC  |d DLC  |d BD-DhAAL 
082 0 0 |a 410.285  |2 21 
100 1 |a Jurafsky, Dan,  |d 1962-  |9 58991 
245 1 0 |a Speech and language processing :  |b an introduction to natural language processing, computational linguistics, and speech recognition /  |c Daniel Jurafsky and James H. Martin. 
260 |a Upper Saddle River, N.J. :  |b Prentice Hall ;  |a New Delhi :  |b Pearson Education,  |c 2000   |g (2010 printing) 
300 |a 908 p. :  |b ill. ;  |c 25 cm 
490 0 |a Prentice Hall series in artificial intelligence 
504 |a Includes bibliographical references and index. 
541 1 |e 0009069, 0021270, 0021271 
650 0 |a Computational linguistics. 
650 0 |a Automatic speech recognition.  |9 58986 
700 1 |a Martin, James H.,  |d 1959-  |9 58992 
830 |a Prentice Hall series in artificial intelligence.  |9 42369 
852 4 |a Ayesha Abed Library   |c General Stacks 
942 |2 ddc  |c CR 
999 |c 9768  |d 9768 
952 |0 0  |1 0  |2 ddc  |4 0  |6 410_285000000000000_JUR_2010  |7 0  |9 12437  |a BRACUL  |b BRACUL  |c GEN  |d 2010-10-13  |g 682.50  |l 9  |m 55  |o 410.285 JUR  |p 3010021270  |r 2025-06-17  |s 2025-04-08  |t 1  |w 2010-10-13  |y BK 
952 |0 0  |1 0  |2 ddc  |4 0  |6 410_285000000000000_JUR_2010  |7 0  |9 12438  |a BRACUL  |b BRACUL  |c GEN  |d 2010-10-13  |g 682.50  |l 15  |m 61  |o 410.285 JUR  |p 3010021271  |r 2025-07-17  |s 2025-06-24  |t 2  |w 2010-10-13  |y BK 
952 |0 0  |1 0  |2 ddc  |4 0  |6 410_285000000000000_JUR  |7 0  |9 19173  |a BRACUL  |b BRACUL  |c GEN  |d 2012-01-15  |l 14  |m 77  |o 410.285 JUR  |p 3010009069  |r 2025-03-11  |s 2025-02-23  |t 3  |w 2012-01-15  |y BK